01066cam a22002291 4500001001300000003000400013005001700017008004100034010001700075035002000092040007400112042001200186050002300198086001500221100003000236245012500266260009200391300003500483440006100518501021100579650004600790hew59000072 DLC20260227111509.0831229s1959 dcua s f000 0 eng c ahew59000072  a(OCoLC)10255952 aU.S. Dept. of Health, Education, and Welfare. LibrarycCNoSdISSdDLC apremarc00aL111b.A72 no. 5650 aFS 5.4:5651 aHarvey, Mary Anne,d1932-10aStatistics of rural schools :ba U.S. summary, 1955-56 /cby Mary Anne Harvey under the direction of Walter H. Gaumnitz. aWashington :bU.S. Dept. of Health, Education, and Welfare, Office of Education,c1959. aiii, 17 p. :btables ;c27 cm. 0aCircular (United States. Office of Education) ;vno. 565 aWith: Guide to the National defense education act of 1958 / by Theodora E. Carlson ; assisted by Catherine P. Williams. Washington : Office of Education, 1959. Bound together subsequent to publication.5DLC 0aRural schoolszUnited StatesvStatistics.